| 000 | 00444nam a2200157 i 4500 | ||
|---|---|---|---|
| 001 | 97783 | ||
| 003 | ES-MaACL | ||
| 005 | 20230906182147.0 | ||
| 007 | t| | ||
| 008 | 050718s1947 sp ||||1| spa d | ||
| 100 | 1 |
_aMarín Amat, Manuel. _976768 |
|
| 245 | 1 | 3 |
_aLa vida del médico / _cpor el Dr. Manuel Marín Amat. |
| 260 |
_aMadrid : _b[s.n.], _c1947 ( _fImp. V. Huerta) |
||
| 300 |
_a176 p. ; _c20 cm. |
||
| 852 |
_aES-MaACL _jC-4790 _bR.25174 |
||
| 999 |
_c97783 _d97783 |
||